000
00291nam a22001337a 4500
008
170621b xxu||||| |||| 00| 0 eng d
020
_a
0300026358
041
_a
eng
080
_2
3RD
_a
94(4)
100
_a
16
101
_a
SHH
245
_a
RUSSIAN FORMALISM
_c
ERLICH ,V
942
_2
udc
_c
BK
999
_c
18555
_d
18555